UM Logo

Tracing the history of Philippine independence / (Record no. 17813)

MARC details
000 -LEADER
fixed length control field 00699nam a22002057a 4500
003 - CONTROL NUMBER IDENTIFIER
control field OSt
005 - DATE AND TIME OF LATEST TRANSACTION
control field 20230119132401.0
008 - FIXED-LENGTH DATA ELEMENTS--GENERAL INFORMATION
fixed length control field 230119b ||||| |||| 00| 0 eng d
040 ## - CATALOGING SOURCE
Transcribing agency 0
082 ## - DEWEY DECIMAL CLASSIFICATION NUMBER
Classification number DPer 370.5 M720 June - December 2017 v66 no. 1-7
100 ## - MAIN ENTRY--PERSONAL NAME
Personal name Aguimatang, Amelita Ferrer.
Relator term author.
9 (RLIN) 47323
245 ## - TITLE STATEMENT
Title Tracing the history of Philippine independence /
Statement of responsibility, etc. Amelita Ferrer Aguimatang
260 ## - PUBLICATION, DISTRIBUTION, ETC. (IMPRINT)
Place of publication, distribution, etc. Philippines :
Name of publisher, distributor, etc. Papi Publishers, Inc.,
Date of publication, distribution, etc. June 2017.
300 ## - PHYSICAL DESCRIPTION
Extent volume 66, pages 25- 26.
650 ## - SUBJECT ADDED ENTRY--TOPICAL TERM
Topical term or geographic name as entry element Philippines-History.
9 (RLIN) 47324
650 ## - SUBJECT ADDED ENTRY--TOPICAL TERM
Topical term or geographic name as entry element Spanish colony.
9 (RLIN) 47325
650 ## - SUBJECT ADDED ENTRY--TOPICAL TERM
Topical term or geographic name as entry element Patriotism.
9 (RLIN) 47326
700 ## - ADDED ENTRY--PERSONAL NAME
Personal name Aguimatang, Amelita Ferrer.
Relator term author.
9 (RLIN) 47323
942 ## - ADDED ENTRY ELEMENTS (KOHA)
Source of classification or shelving scheme Dewey Decimal Classification
Koha item type Periodicals
Holdings
Withdrawn status Lost status Source of classification or shelving scheme Damaged status Not for loan Collection code Home library Current library Date acquired Total Checkouts Full call number Date last seen Price effective from Koha item type Public note
    Dewey Decimal Classification     Periodicals UM Digos College - LIC UM Digos College - LIC 01/19/2023   DPer 370.5 M720 June - December 2017 v66 no. 1-7 01/19/2023 01/19/2023 Periodicals Periodical Article